| 000 | 00732nab a2200229 u 4500 | ||
|---|---|---|---|
| 001 | 08902 | ||
| 003 | HDC | ||
| 007 | cr bn ---aaaaa | ||
| 008 | 210131c9999 my dr|nes 0 a may d | ||
| 040 | _aHDC | ||
| 245 | 0 | _aCEO Paramount Letak Jawatan | |
| 260 |
_a[no place] : _b[publisher not identified], _c[no year] |
||
| 336 |
_atext _2rdacontent |
||
| 337 |
_acomputer _2rdamedia |
||
| 338 |
_aonline resource _2rdacarrier |
||
| 650 |
_aParamount CEO _99329 |
||
| 650 |
_aresignation _99330 |
||
| 856 | _zRequest full-text at [email protected] | ||
| 942 | _2lcc | ||
| 942 | _cNEWS | ||
| 942 | _kNWSC 002415 | ||
| 999 |
_c6225 _d6225 |
||